|
|
|
|
| LEADER |
01237nam a2200385 a 4500 |
| 001 |
nkc20081808308 |
| 003 |
CZ PrNK |
| 005 |
20090722131702.0 |
| 007 |
ta |
| 008 |
080612s2008 xr a e 000 1 cze |
| 015 |
|
|
|a cnb001808308
|
| 020 |
|
|
|a 978-80-7391-040-2
|q (váz.)
|
| 035 |
|
|
|a (OCoLC)244814232
|
| 040 |
|
|
|a BOA001
|b cze
|d ABA001
|
| 041 |
1 |
|
|a cze
|h eng
|
| 072 |
|
7 |
|a 17
|x Etika. Morální filozofie
|2 Konspekt
|9 5
|
| 080 |
|
|
|a 17.02
|2 MRF
|
| 080 |
|
|
|a (0:82-84)
|2 MRF
|
| 100 |
1 |
|
|a Exley, Helen
|7 xx0023368
|4 aut
|
| 245 |
1 |
0 |
|a Pro pokoj v duši /
|c Helen Exley ; [z anglického originálu ... přeložil Jaromír Máša]
|
| 260 |
|
|
|a Praha :
|b Slovart,
|c 2008
|
| 300 |
|
|
|a ca 400 s. :
|b il. ;
|c 70 mm
|
| 500 |
|
|
|a V kartonovém pouzdru
|
| 650 |
0 |
7 |
|a životní harmonie
|7 ph138147
|2 czenas
|
| 650 |
0 |
7 |
|a životní moudrost
|7 ph128026
|2 czenas
|
| 650 |
0 |
9 |
|a harmony of life
|2 eczenas
|
| 650 |
0 |
9 |
|a life wisdom
|2 eczenas
|
| 655 |
|
7 |
|a aforismy
|7 fd131784
|2 czenas
|
| 655 |
|
9 |
|a aphorisms
|2 eczenas
|
| 765 |
0 |
|
|t Gift of calm
|9 Česky
|
| 910 |
2 |
|
|a BOA001
|b S-1207.310
|
| 990 |
|
|
|a BK
|
| 995 |
|
|
|a 01
|
| 991 |
|
|
|b 200806
|
| 996 |
6 |
|
|b 2610346552
|c S-1207.310
|l MZK
|r Sklad / do 24 hodin
|n 1
|p p.v.
|w 001065889
|u 000010
|a 1
|e BOA001
|j MZK50
|s P
|